|
|
|
|
| LEADER |
01612nam a2200325 i 4500 |
| 001 |
1038 |
| 003 |
BD-DhAAL |
| 005 |
20151125234003.0 |
| 008 |
150826t19151910nyu ob o01 0 eng d |
| 020 |
|
|
|a 8171581501
|
| 040 |
|
|
|a OCLCE
|b eng
|c OCLCE
|d BD-DhAAL
|
| 050 |
|
4 |
|a LA96
|b .G7 1915
|
| 082 |
0 |
4 |
|a 370.9
|b G784hi
|
| 100 |
1 |
|
|a Graves, Frank Pierrepont,
|d 1869-1956.
|9 14071
|
| 245 |
1 |
2 |
|a A history of education
|b in modern times /
|c by Frank Pierrepont Graves.
|
| 260 |
|
|
|a New York :
|a New Delhi :
|b Macmillan,
|b Akashdeep Publishing House,
|c 1996.
|
| 300 |
|
|
|a 410 p ;
|c 22 cm.
|
| 504 |
|
|
|a Includes bibliographical references and index.
|
| 506 |
|
|
|3 Use copy
|f Restrictions unspecified
|2 star
|5 MiAaHDL
|
| 533 |
|
|
|a Electronic reproduction.
|b [S.l.] :
|c HathiTrust Digital Library,
|d 2010.
|
| 538 |
|
|
|a Master and use copy. Digital master created according to Benchmark for Faithful Digital Reproductions of Monographs and Serials, Version 1. Digital Library Federation, December 2002.
|u http://purl.oclc.org/DLF/benchrepro0212
|
| 541 |
|
|
|e 1038
|
| 583 |
1 |
|
|a digitized
|c 2010
|h HathiTrust Digital Library
|l committed to preserve
|2 pda
|5 MiAaHDL
|
| 583 |
1 |
|
|a digitized
|c 2010
|h HathiTrust Digital Library
|l committed to preserve
|2 pda
|5 MiAaHDL
|
| 583 |
1 |
|
|a digitized
|c 2010
|h HathiTrust Digital Library
|l committed to preserve
|2 pda
|5 MiAaHDL
|
| 650 |
|
0 |
|a Education, Medieval.
|9 14072
|
| 650 |
|
0 |
|a Education, Ancient.
|9 14073
|
| 942 |
|
|
|2 ddc
|c BK
|
| 999 |
|
|
|c 35331
|d 35331
|
| 952 |
|
|
|0 0
|1 0
|2 ddc
|4 0
|6 370_900000000000000_G784_GRA
|7 0
|9 55533
|a SCL
|b SCL
|c GEN
|d 2015-08-26
|l 0
|o 370.9 G784 GRA
|p 3020001038
|r 2015-08-26
|t 1
|w 2015-08-26
|y BK
|